Learning Resource and Development

Reliability analysis for asset management of electric power grids / (Record no. 28322)

MARC details
000 -LEADER
fixed length control field 01697cam a22003498i 4500
001 - CONTROL NUMBER
control field 20577252
003 - CONTROL NUMBER IDENTIFIER
control field CSPC
005 - DATE AND TIME OF LATEST TRANSACTION
control field 20241009115750.0
008 - FIXED-LENGTH DATA ELEMENTS--GENERAL INFORMATION
fixed length control field 180710s2018 nju b 000 0 eng
010 ## - LIBRARY OF CONGRESS CONTROL NUMBER
LC control number 2018031845
020 ## - INTERNATIONAL STANDARD BOOK NUMBER
International Standard Book Number 9781119125174
040 ## - CATALOGING SOURCE
Original cataloging agency DLC
Language of cataloging eng
Description conventions rda
Transcribing agency DLC
Modifying agency CSPC
042 ## - AUTHENTICATION CODE
Authentication code pcc
050 00 - LIBRARY OF CONGRESS CALL NUMBER
Classification number TK3001
Item number .R65 2018
082 00 - DEWEY DECIMAL CLASSIFICATION NUMBER
Classification number 621.319
Edition number 23
Item number R733r
100 1# - MAIN ENTRY--PERSONAL NAME
Personal name Ross, Robert D.,
Relator term author.
245 10 - TITLE STATEMENT
Title Reliability analysis for asset management of electric power grids /
Statement of responsibility, etc. Robert D. Ross.
263 ## - PROJECTED PUBLICATION DATE
Projected publication date 1812
264 #1 - PRODUCTION, PUBLICATION, DISTRIBUTION, MANUFACTURE, AND COPYRIGHT NOTICE
Place of production, publication, distribution, manufacture Hoboken, New Jersey :
Name of producer, publisher, distributor, manufacturer John Wiley & Sons,
Date of production, publication, distribution, manufacture, or copyright notice 2019.
300 ## - PHYSICAL DESCRIPTION
Extent xxix, 485 pages :
Other physical details illustrations ;
Dimensions 25 cm.
336 ## - CONTENT TYPE
Content type term text
Content type code txt
Source rdacontent
337 ## - MEDIA TYPE
Media type term unmediated
Media type code n
Source rdamedia
338 ## - CARRIER TYPE
Carrier type term volume
Carrier type code nc
Source rdacarrier
504 ## - BIBLIOGRAPHY, ETC. NOTE
Bibliography, etc. note Includes bibliographical references and index.
505 0# - FORMATTED CONTENTS NOTE
Formatted contents note Introduction -- Basics of statistics and probability -- Measures in statistics -- Specific distributions -- Graphical data analysis -- Parameter estimation -- System and component reliability --System states, reliability and availability -- Application to asset and incident management -- Miscellaneous subjects.
650 #0 - SUBJECT ADDED ENTRY--TOPICAL TERM
Topical term or geographic name entry element Electric power distribution
General subdivision Reliability.
776 08 - ADDITIONAL PHYSICAL FORM ENTRY
Relationship information Online version:
Main entry heading Ross, Robert D., author.
Title Reliability analysis for asset management of electric power grids
Place, publisher, and date of publication Hoboken, NJ : Wiley, [2018]
International Standard Book Number 9781119125181
Record control number (DLC) 2018033843
906 ## - LOCAL DATA ELEMENT F, LDF (RLIN)
a 7
b cbc
c orignew
d 1
e ecip
f 20
g y-gencatlg
942 ## - ADDED ENTRY ELEMENTS (KOHA)
Source of classification or shelving scheme Dewey Decimal Classification
Koha item type Books
Classification part 621.319
Call number prefix GRD
Call number suffix 2019
Suppress in OPAC No
Edition 23
Holdings
Withdrawn status Lost status Source of classification or shelving scheme Damaged status Not for loan Home library Current library Shelving location Date acquired Total Checkouts Full call number Barcode Date last seen Copy number Price effective from Koha item type
    Dewey Decimal Classification     Main Library Main Library Graduate School Library 10/07/2024   GRD 621.319 R733r 2019 028386 10/07/2024 1-1 10/07/2024 Books